Control systems (Record no. 171860)

MARC details
000 -LEADER
fixed length control field 00334nam a2200145Ia 4500
008 - FIXED-LENGTH DATA ELEMENTS--GENERAL INFORMATION
fixed length control field 231217s9999 xx 000 0 und d
041 ## - LANGUAGE CODE
Language code of text/sound track or separate title English
082 ## - DEWEY DECIMAL CLASSIFICATION NUMBER
Classification number 621.3811 KAN
100 ## - MAIN ENTRY--PERSONAL NAME
Personal name Kani, A. Nagoor
245 #0 - TITLE STATEMENT
Title Control systems
260 ## - PUBLICATION, DISTRIBUTION, ETC.
Date of publication, distribution, etc. 1998
Name of publisher, distributor, etc. RBA
Place of publication, distribution, etc. Chennai
300 ## - PHYSICAL DESCRIPTION
Extent 606
650 ## - SUBJECT ADDED ENTRY--TOPICAL TERM
Topical term or geographic name entry element Control,systems
942 ## - ADDED ENTRY ELEMENTS (KOHA)
Koha item type Books
Holdings
Date last seen Total checkouts Full call number Accession number Price effective from Category Lost status Damaged status Department Withdrawn status Home library Current library Shelving location Entry date Vendor Grants Billdate Currency symbol Conversion rate Discount Old discount Cost, total (INR) price Cost, normal purchase price Billnumber
26/01/2024   621.3811 KAN 27425 26/01/2024 Books     TC   Central Library Central Library TC 13/04/2004 Publisher TC 17/12/2005 RS 1          
26/01/2024   621.3811 KAN;4 31813 26/01/2024 Books     Central Library   Central Library Central Library Central Library 21/01/2005 I K International TC 09/09/2007 RS 1 50 25 150.00 200.00 1634
26/01/2024   621.3811 KAN;5 31814 26/01/2024 Books     Central Library   Central Library Central Library Central Library 21/01/2005 I K International TC 09/09/2007 RS 1 50 25 150.00 200.00 1634
26/01/2024   621.3811 KAN;6 31815 26/01/2024 Books     Central Library   Central Library Central Library Central Library 21/01/2005 I K International TC 09/09/2007 RS 1 50 25 150.00 200.00 1634
26/01/2024   621.3811 KAN;7 45032 26/01/2024 Books     ME   Central Library Central Library ME 31/05/2007 Publisher ME 22/10/2008 RS 1          

© For any Suggestions or Query, please contact the library staff @ librarian@pes.edu or Phone: +9180 2672 1983/ 2108.